| 000 | 00551nam a2200193 a 4500 | ||
|---|---|---|---|
| 005 | 20210223130125.0 | ||
| 008 | 070122s2001 mx r 000 0 spa d | ||
| 020 | _a9682323096 | ||
| 035 | _aUPN01000148745 | ||
| 049 | _aCG | ||
| 050 | 4 |
_aPQ7298.16 R4.5 _bY5.4 |
|
| 100 | 1 |
_aFrenk, Mariana, _d1898-2004 _932409 |
|
| 245 | 1 | 3 |
_a-- y mil aventuras / _cMariana Frenk-Westheim. |
| 260 |
_aMéxico : _bSiglo XXI, _c2001. |
||
| 300 | _a197 p. | ||
| 440 | 3 | _aLa creacion literaria | |
| 600 | 1 | 4 |
_aFRENK-WESTHEIM, MARIANA, _d1898-2004 _99796 |
| 905 | _aLibro | ||
| 999 |
_c120886 _d120886 |
||